Statistics for R&B Female Singers - Monica

Click here to take the quiz!

General Stats

  • This quiz has been taken 8 times
  • The average score is 7 of 15

Answer Stats

HintAnswer% Correct
Collaborated with this singer for "The Boy is Mine" songBrandy
100%
Title of her debut albumMiss Thang
100%
Monica's Full NameMonica Denise Arnold
100%
Title of her highest selling albumThe Boy is mine
100%
Became part of a traveling gospel choir at this age10
67%
Top 10 hits By MonicaFor You I will
67%
Top 10 hits By MonicaSo Gone
67%
Top 10 hits By MonicaBefore you walk out of my life
33%
In 1991, at the age of eleven, Monica was discovered by this music producerDallas Austin
33%
Appearances in these television seriesLiving single
33%
Monica's Date of birthOctober 24
33%
She won a Grammy Award for Best R&B Performance by a Duo or Group with Vocals for her contribution to "The Boy Is Mine", at which Grammy award ceremony41st
0%
Place where Monica was born & raisedGeorgia
0%
Name of her own highly rated BET seriesMonica: Still Standing
0%
Record label she signed with in 1993Rowdy Records
0%

Score Distribution

Percentile by Number Answered

Percent of People with Each Score

Your Score History

You have not taken this quiz